L'Institut d'Estudis Catalans i la Diputació de Barcelona sota el règim franquista / Albert Balcells

per Balcells, Albert

ISBN: 84-86574-94-3
Publicat: [s.l.] : Editorial Afers , 2001
Descripció física: p. 413-436 ; 21 cm

MARC

LEADER 00000nam a2200000Ia 4500
001 13266
008 160829s2001 xx 000 0 cat d
020 |a 84-86574-94-3 
080 |a FU-14-82 
100 |a Balcells, Albert   |9 31713 
245 |a L'Institut d'Estudis Catalans i la Diputació de Barcelona sota el règim franquista / Albert Balcells 
260 |a [s.l.] :  |b Editorial Afers,  |c 2001 
300 |a p. 413-436 ;  |c 21 cm 
590 |a Separata de: Afers : fulls de recerca i pensament, núm 39 (2001).  
590 |a Abarca la història de l'Institut de 1939 a 1975 
610 2 0 |a Institut d'Estudis Catalans  |x Història  |9 54426 
901 |a Arxiu 
942 |n 1 
952 |0 0  |1 0  |4 0  |6 FU1482  |7 1  |9 49159  |a Arxiu  |b Arxiu  |d 2016-12-01  |l 0  |o FU-14-82  |p 13266  |r 2016-12-01 00:00:00  |w 2016-12-01  |y ARXIU 
999 |c 52998  |d 52998